| 000 | 00676nam a2200217Ii 4500 | ||
|---|---|---|---|
| 003 | JO-AjNU | ||
| 008 | 230605s9999||||xx |||||||||||||| ||und|| | ||
| 017 | _a84/4198 | ||
| 040 |
_aJO-AjNU _bara _erda _cJO-AjNU |
||
| 041 | _aara | ||
| 050 | 1 | 4 | _aB52.A2288 |
| 100 | 3 |
_aعبد الرحيم، عبد المجيد, _eauthor _934811 |
|
| 245 | 0 | 0 | _aتدريس العلوم الفلسفية |
| 250 | _aط1 | ||
| 264 | 3 | 1 | _aالقاهرة:مكتبة النهضة المصرية ، د.ت |
| 300 | _a344ص | ||
| 336 |
_atext _btxt _2rdacontent |
||
| 337 |
_aunmediated _bn _2rdamedia |
||
| 338 |
_avolume _bnc _2rdacarrier |
||
| 650 | 4 |
_aفلسفة-تعلم وتعليم _934812 |
|
| 999 |
_aA14310 _c17878 _d17878 |
||